A lélek halhatatlansága
Elmentve itt :
| Szerző: | |
|---|---|
| Adatforrás: | Philobibl |
| Dokumentumtípus: | Könyv |
| Nyelv: | magyar |
| Kulcsszavak: | halál problémája természetfilozófia kozmológia |
| Megjelent: |
Budapest
Barrus
2005
|
| LEADER | 00394nam a2200145 c 4500 | ||
|---|---|---|---|
| 001 | bibPHI0043086 | ||
| 005 | 20200924124913.8 | ||
| 008 | 000211s2005 hu b 1 hun d | ||
| 100 | 1 | |a Grandpierre Attila | |
| 245 | 1 | 2 | |a A lélek halhatatlansága |c Grandpierre Attila |
| 260 | |a Budapest |b Barrus |c 2005 | ||
| 300 | |a 148 p. | ||
| 695 | |a halál problémája | ||
| 695 | |a természetfilozófia | ||
| 695 | |a kozmológia | ||